00264nam a2200109Ia 4500008004100000041001200041082001100053100001300064245006500077260000600142650000600148221030s9999 xx 000 0 und d aEnglish a105.23 aR. Sethi 0aProgramming Languages - Concepts and constructscby R. Sethi c0 aB